[Event "FRA-chT U20 0203"]
[Site "Clichy"]
[Date "2003.05.02"]
[Round "8.4"]
[White "Ashokan, Kevin"]
[Black "Perusseau, Aurelien"]
[Result "1-0"]
[WhiteElo "1640"]
[BlackElo "1199"]
[PlyCount "115"]
[EventDate "2002.12.??"]
[EventType "team"]
[EventRounds "11"]
[EventCountry "FRA"]
[SourceTitle "EXT 2004"]
[Source "ChessBase"]
[SourceDate "2003.11.25"]
[SourceVersion "1"]
[SourceVersionDate "2003.11.25"]
[SourceQuality "1"]
[WhiteTeam "Bois Colombes"]
[BlackTeam "Neuilly"]
[WhiteTeamCountry "FRA"]
[BlackTeamCountry "FRA"]

1. e4 c5 2. Nf3 Nc6 3. d4 cxd4 4. Nxd4 e5 5. Nb5 Nf6 6. N1c3 a6 7. Nd6+ Bxd6 8. Qxd6 Qa5 9. Bd2 Qb4 10. Qxb4 Nxb4 11. 0-0-0 b5 12. Be2 d6 13. a3 Nc6 14. Be3 b4 15. axb4 Nxb4 16. Rxd6 Be6 17. b3 0-0 18. Rhd1 h6 19. Kb2 Rab8 20. Bxa6 Nxc2 21. Bb5 Nxe4 22. Kxc2 Nxd6 23. Rxd6 Rb7 24. Kb2 g5 25. h3 Kg7 26. Rb6 Rxb6 27. Bxb6 g4 28. hxg4 Bxg4 29. f3 Be6 30. Be3 Rb8 31. Kc2 f5 32. g3 h5 33. f4 Kf6 34. fxe5+ Kxe5 35. Bf4+ Kd4 36. Bxb8 Ke3 37. b4 Kf3 38. Bc6+ Kg4 39. b5 h4 40. gxh4 Kxh4 41. b6 Bc8 42. Bc7 Kg4 43. Na4 f4 44. Bd7+ Bxd7 45. b7 Bxa4+ 46. Kd2 f3 47. b8Q f2 48. Qg8+ Kf3 49. Qg3+ Ke4 50. Qxf2 Kd5 51. Qf6 Kc4 52. Qb6 Bb5 53. Bd6 Ba4 54. Qc5+ Kb3 55. Qb4+ Ka2 56. Qxa4+ Kb2 57. Be5+ Kb1 58. Qa1# 1-0